Introduction to academic writing Level 3

Introduction to Academic Writing helps students to master the standard organizational patterns of the paragraph and the basic concepts of essay writing. It integrates the study of rhetorical patterns and the writing process with extensive practice in sentence structure and mechanics.

Đã lưu trong:
书目详细资料
主要作者: Oshima, Alice
其他作者: Houge, Ann
格式: 图书
语言:Vietnamese
出版: White Plains, NY Pearson Education 2007
版:3rd ed.
主题:
标签: 添加标签
没有标签, 成为第一个标记此记录!
Thư viện lưu trữ: Thư viện Trường Đại học Nam Cần Thơ
LEADER 01039nam a22002177a 4500
001 NCT_147340
008 230405b xxu||||| |||| 00| 0 vie d
999 |c 7589  |d 7589 
020 |c 615000 
082 0 4 |2 23rd ed.  |a 428.64  |b O81/L3 
100 1 |a Oshima, Alice 
245 1 0 |a Introduction to academic writing  |n Level 3  |c Alice Oshima , Ann Hogue 
250 |a 3rd ed. 
260 |a White Plains, NY  |b Pearson Education  |c 2007 
300 |a 221   |c 27 cm 
520 3 |a Introduction to Academic Writing helps students to master the standard organizational patterns of the paragraph and the basic concepts of essay writing. It integrates the study of rhetorical patterns and the writing process with extensive practice in sentence structure and mechanics.  
653 |a Ngôn ngữ Anh 
700 1 |a Houge, Ann 
942 |2 ddc  |c BK 
952 |0 0  |1 0  |2 ddc  |4 0  |6 428_640000000000000_O81_L3  |7 0  |9 27319  |a 000001  |b 000001  |d 2023-04-05  |o 428.64 O81/L3  |p MD.21228  |r 2023-04-05  |v 615000.00  |w 2023-04-05  |y BK 
980 |a Thư viện Trường Đại học Nam Cần Thơ